Statistiken für Deutsche Regionen A-Z

Klicken Sie hier um das Quiz zu spielen!

Allgemein

  • Dieses Quiz wurde 82 mal gespielt
  • Das Durchschnittsergebnis liegt bei 13 aus 22

Antwortstatistiken

HinweisRegion% Korrekt
ASüdlichste Region Deutschlands in den bayrischen Alpen mit Städten wie KemptenAllgäu
90%
FDer nördliche Teil des Bundeslandes BayernFranken
90%
LHeidelandschaft zwischen Hamburg und Hannover, welche nach einer mittelalterlichen Hansestadt benannt istLüneburger Heide
89%
HMittelgebirge in Sachsen-Anhalt, Niedersachsen und Thüringen mit Brocken, Heimat eines bekannten RohmilchkäsesHarz
88%
RBevölkerungsreiche Industrieregion in Nordrhein-Westfalen, welche früher für ihre Kohle- und Stahlindustrie bekannt warRuhrpott
88%
SHöchstes deutsches Mittelgebirge in Baden-Württemberg mit Feldberg und bekannter KirschtorteSchwarzwald
85%
ONiedersächsische Nordseeküstenregion, bekannt für seine TeekulturOstfriesland
78%
ERegion im westlichen Niedersachsen und nordwestlichem NRW an namensgebendem FlussEmsland
76%
URegion in Nordost-Brandenburg um die Stadt Prenzlau, Heimat von Angela MerkelUckermark
74%
MFlachland im nordwestlichem Westfalen um namensgebende UniversitätsstadtMünsterland
72%
PEhemaliges Kurfürstentum mit Städten wie Kaiserslautern, Ludwigshafen und SpeyerPfalz
72%
CKulturlandschaft in Oberbayern östlich von Rosenheim um einen namensgebenden SeeChiemgau
67%
VGebiet in Sachsen, Thüringen, Bayern und Tschechien mit Städten wie Plauen, Gera oder HofVogtland
53%
WMittelgebirgsregion zwischen Rhein, Sieg und Lahn in Rheinland-Pfalz, Hessen und Nordrhein-Westfalen mit Städten wie MontabaurWesterwald
49%
TMitteldeutsche Gebirgsregion, welches z.B. in Oberhof bei Wintersport-Touristen beliebt istThüringer Wald
43%
ZKleines Mittelgebirge im Osten von Sachsen an der Grenze zu Tschechien um namensgebende StadtZittauer Gebirge
32%
DNordsee-Küstenregion im südlichen Schleswig-Holstein um die Städte Heide und MeldorfDithmarschen
31%
BWeinbaugebiet in Südhessen und Nordbaden etwa zwischen Darmstadt und WieslochBergstraße
28%
NSeenreiche Grenzregion in Brandenburg, Sachsen und Polen um CottbusNiederlausitz
25%
IGrabensenke, welcher den Hintertaunus in einen östlichen und westlichen Teil trennt. Nach der größten Stadt der Senke benanntIdsteiner Senke
24%
KHügellandschaft zwischen Heilbronn, Heidelberg, Karlsruhe und PforzheimKraichgau
18%
GRegion, welche große Teile Luxemburges, aber auch Teile der Eifel (Bitburg) und des Moseltales umfasstGutland
1%

Verteilung der Resultate

Perzentil nach korrekt beantworteten Fragen

Anzahl Personen mit jedem Resultat

Ihre Resultats-Entwicklung

Sie haben dieses Quiz noch nicht gespielt